000 00631nam a2200229Ia 4500
003 OSt
005 20220926045653.0
006 a|||||r|||| 00| 0
007 ta
008 220923b |||||||| |||| 00| 0 eng d
020 _a0807041858
037 _cGeneral Book
040 _aRTL
_cRTL
_beng
041 _2eng
_aeng
082 _aY48.73.N5:g, K8/TD
100 _aDomhoff G W
_9350522
245 0 _aC.Write mills and the power elite.
300 _aviii,278p.
_ccm.
700 _a Ballard H B
_9350523
942 _hY48.73.N5:g, K8/TD
_cGB
_2CC
999 _c678329
_d678329